The Middle East, Abstracts and Index: Near East(V.24A) / (Record no. 3576)
[ view plain ]
| 000 -LEADER | |
|---|---|
| fixed length control field | 00755nac a22002051u 4500 |
| 008 - FIXED-LENGTH DATA ELEMENTS--GENERAL INFORMATION | |
| fixed length control field | 100921t xxu||||| |||| 00| 0 eng d |
| 010 ## - LIBRARY OF CONGRESS CONTROL NUMBER | |
| LC control number | 78645468 |
| 082 ## - DEWEY DECIMAL CLASSIFICATION NUMBER | |
| Classification number | 016.956005 |
| Item number | Sa551 |
| 100 ## - MAIN ENTRY--PERSONAL NAME | |
| Personal name | 20080729 |
| 9 (RLIN) | 19636 |
| 245 ## - TITLE STATEMENT | |
| Title | The Middle East, Abstracts and Index: Near East(V.24A) / |
| Statement of responsibility, etc | James Joseph Sanchez.[editor] |
| Name of part/section of a work | Near East(V.24A) |
| 260 ## - PUBLICATION, DISTRIBUTION, ETC. (IMPRINT) | |
| Place of publication, distribution, etc | Seattle,Washington: |
| Name of publisher, distributor, etc | Refrence Corporation Aristarchus Knowledge Industry, |
| Date of publication, distribution, etc | C.2001. |
| 300 ## - PHYSICAL DESCRIPTION | |
| Extent | V.20E:Near East. |
| Dimensions | 31cm. |
| 490 ## - Series Statement | |
| Series statement | The Middle East, abstracts and index. |
| 500 ## - GENERAL NOTE | |
| General note | Donations. |
| 500 ## - GENERAL NOTE | |
| General note | Donations - Bibliotheca Alexandrina. |
| 600 ## - SUBJECT ADDED ENTRY--PERSONAL NAME | |
| Personal name | Sanchez, James Joseph.[ed] |
| 9 (RLIN) | 19638 |
| 650 ## - SUBJECT ADDED ENTRY--TOPICAL TERM | |
| Source of heading or term | BUEsh |
| 651 ## - SUBJECT ADDED ENTRY--GEOGRAPHIC NAME | |
| Source of heading or term | BUEsh |
| 942 ## - ADDED ENTRY ELEMENTS (KOHA) | |
| Item type | Reference (NB) |
| Call number prefix | 016.956005Sa551 |
| Source of classification or shelving scheme | Dewey Decimal Classification |
| Withdrawn status | Item status | Source of classification or shelving scheme | Damaged status | Not for loan | Vendor | Home library | Current library | Shelving location | Date acquired | Source of acquisition | Total Checkouts | Full call number | Barcode | Date last seen | Koha item type |
|---|---|---|---|---|---|---|---|---|---|---|---|---|---|---|---|
| Dewey Decimal Classification | Central Library | Central Library | Ground Floor | 30/04/2007 | 016.956005 MID | 000030021 | 15/07/2025 | Reference (NB) |